000 00908nas a2200301 4500
001 BR9900713
003 BR-BrBNA
005 20231205101239.0
007 ta
008 230509b bl.|||p| |||| 00| 00por d
040 _aBR-BrBNA
_bpor
_cBiblioteca Nacional de Agricultura
041 _a(Pt)
072 _aF60
100 1 _aMassignam, A.M.
100 1 _aVieira, H.J.
100 1 _aHemp, S.
100 1 _aDittrich, R.C.
100 1 _aFlesch, R.D.
100 1 _aVictoria, F.B.
245 1 _aEcofisiologia do feijoeiro; 1: determinacao do periodo mais critico a deficiencia hidrica do solo
650 _aFeijao
650 _aDeficiencia Hidrica
650 _aFloracao
650 _aSanta Catarina
773 0 _tRevista Brasileira de Agrometeorologia (Brazil)
_xISSN 0104-1347
_g(Jan-Jun 1998), v. 6(1) p. 35-39
_wBR9900713
909 _a202311
_bLúcia
_c55
_dLúcia Elande
942 _2AGRIS
_n0
_cANA
999 _c160670
_d160670